| 000 | 00502nam a2200181Ia 4500 | ||
|---|---|---|---|
| 003 | GCL | ||
| 008 | 140319s9999 xx 000 0 ara d | ||
| 040 |
_aGCL / _cGCL |
||
| 082 | 0 | 4 |
_aد _b050 _bا د |
| 100 | 1 | _aاحمد زكى ابوشادى | |
| 245 | 1 | 0 |
_aادبى / _cاحمد زكى ابوشادى |
| 300 | _aمتعدد | ||
| 650 | 0 | 4 | _aالادب |
| 650 | 0 | 4 | _aالادب - تاريخ ونقد |
| 650 | 0 | 4 | _aالمجموعات الادبية |
| 650 | 0 | 4 | _aالمجموعات |
| 942 |
_2ddc _cCF |
||
| 999 |
_c27119 _d27119 |
||